Tilastot visalle Euroopan puhutuimmat kielet kartalla

Klikkaa tästä pelataksesi tätä visaa!

Yleistilastot

  • Tätä visaa on pelattu 361 kertaa
  • Keskiarvotulos 29 / 38

Vastaukset kartalla

Vastauksille on annettu kartalla punavihreä väri sen mukaan, kuinka moni on saanut sen oikein.
Ladataan ...
 

Vastaustilastot

PuhujiaKieli% Oikein
4,7 miljNorja
100%
106 miljVenäjä
100%
5,4 miljSuomi
100%
9,1 miljRuotsi
99%
60 miljEnglanti
99%
38 miljEspanja
99%
97 miljSaksa
99%
5,5 miljTanska
99%
66 miljRanska
98%
65 miljItalia
98%
39 miljPuola
98%
10 miljPortugali
98%
32 miljUkraina
97%
1,1 miljViro
97%
1,7 miljLatvia
97%
3,0 miljLiettua
97%
11 miljKreikka
96%
10 miljTšekki
92%
1,5 miljRomani
92%
22 miljHollanti
91%
21 miljSerbokroaatti
90%
3,3 miljValkovenäjä
90%
13 miljUnkari
89%
5,2 miljSlovakki
89%
78 miljBulgaria
87%
2,1 miljSloveeni
87%
5,4 miljAlbania
81%
12 miljTurkki
79%
24 miljRomania
77%
1,4 miljMakedonia
70%
4,0 miljKatalaani
49%
1,3 miljSardi
31%
1,0 miljKazakki
21%
4,3 miljTataari
17%
2,4 miljGalicia
15%
1,4 miljTšetšeeni
14%
1,2 miljBaškiiri
4%
1,1 miljTšuvassi
4%

Tulosjakauma

Persentiili vastausten määrän mukaan

Jokaisen tuloksen saaneiden osuus

Tuloshistoriasi

Et ole pelannut tätä visaa